Guide pratique d'utilisation des statistiques sanitaires
Αποθηκεύτηκε σε:
| Κύριος συγγραφέας: | |
|---|---|
| Συγγραφή απο Οργανισμό/Αρχή: | |
| Άλλοι συγγραφείς: | , |
| Μορφή: | Βιβλίο |
| Γλώσσα: | French |
| Δημοσίευση: |
Paris :
La Documentation franπcaise,
[1984]
|
| Θέματα: | |
| Ετικέτες: |
Προσθήκη ετικέτας
Δεν υπάρχουν, Καταχωρήστε ετικέτα πρώτοι!
|
MARC
| LEADER | 00000cam a2200000 i 4500 | ||
|---|---|---|---|
| 001 | 1/44548 | ||
| 008 | 960307s1984 f fre d | ||
| 020 | |a 2110011548 |c 100F | ||
| 035 | |l 10025988 | ||
| 040 | |a GR-MY-UA |b gre |e aacr | ||
| 041 | 0 | |a fre | |
| 082 | 0 | |a 614.4021 |2 (19) | |
| 100 | 1 | |a Vennin, Monique. | |
| 245 | 1 | 0 | |a Guide pratique d'utilisation des statistiques sanitaires / |c Monique Vennin, Jacques Chaperon, Alain Trehony ; Ministere des affaires sociales et de la solidarite nationale, Secretariat d'Etat charge de la sante, Direction generale de la sante [et] Service des statistiques, des etudes et des systemes d'information [et] Mission Recherche-Experimentation |
| 260 | |a Paris : |b La Documentation franπcaise, |c [1984] | ||
| 300 | |a 231 p.; |b ill.; |c 24 cm | ||
| 500 | |a Includes indexes | ||
| 504 | |a Bibliography: p. 155-161 | ||
| 650 | 0 | 0 | |a Public health |z France |x Information services. |
| 650 | 0 | 0 | |a Public health |z France |x Statistical services. |
| 650 | 0 | 0 | |a Public health |z France |x Information services |x Directories. |
| 650 | 0 | 0 | |a Public health |z France |x Statistical services |x Directories. |
| 651 | 0 | |a France |x Statistical services. | |
| 700 | 1 | |a Chaperon, Jacques. | |
| 700 | 1 | |a Trehony, Alain. | |
| 710 | 1 | |a France. |b Ministère des affaires sociales et de la solidarité nationale. |b Service des statistiques, des études et des systèmes d'information. | |
| 852 | |a INST |b CHIOS |e 19960307 |h 614.4021 VEN |p 005200004828 |q 005200004828 |t BK |y 0 | ||